Quizlendrier de l'Avent #04 - Maman, j'ai raté l'avion! - Statistiques

Statistiques générales
  • Ce quiz a été pris 217 fois
  • Le résultat moyen est 8 sur 19
Statistiques - réponses
Informations Réponses % Correct
Protagoniste du film Kevin
91%
Age de #1 dans le film 8 ans
85%
Ville où se rend cette famille pour les fêtes de fin d'année Paris
70%
Titre original Home Alone!
62%
Année de sortie 1990
55%
Ville américaine où elle vit le reste de l'année Chicago
55%
Suites (directes et indirectes) Maman, j'ai encore raté l'avion!
50%
Famille de ce dernier McCallister
49%
Evènement au cours duquel #1 et #6 échangent pour la première fois Messe de Minuit
42%
Marvin Merchants
41%
Acteur interprétant #1 Macaulay Culkin
37%
Membre de la famille de ce dernier avec lequel il se réconcilie Son fils
37%
Cambrioleurs en ayant après la maison de #2 Harry Lime
34%
Maman, je m'occupe des méchants!
26%
Célèbre compositeur à l'origine de la BO du film John Williams
18%
Réalisateur Chris Columbus
17%
Voisin effrayant puis aidant #1 Marley
16%
Maman, la maison est hantée!
8%
Maman, je suis seul contre tous!
6%
Aucun quiz correspondant
Distribution des résultats
% des personnes avec chaque résultat
Percentile par nombre de réponses
Votre historique - résultats
Vous n’avez pas pris ce quiz